Geography Quiz

Random Geography or City Quiz

Most Common US City Names Quiz Stats

 Plays Quiz Updated Aug 28, 2012

Challenge
Share
Tweet
Embed
Score 0/59 Timer 10:00
2 Plays Today
Number of States City % Correct
13Springfield
74.1%
11Washington
63.9%
14Madison
59.5%
11Columbus
58.6%
10Jackson
54%
8Portland
49%
8Lincoln
47.9%
14Salem
44.1%
9Cleveland
42.5%
8Albany
37.3%
9Hartford
36.2%
10Richmond
35%
8Jacksonville
31.4%
8Dover
28.2%
10Lexington
28.1%
8Buffalo
27.1%
9Dayton
23.8%
10Monroe
22.6%
8Oakland
19.6%
8Manchester
19.4%
10Trenton
19.2%
9Arlington
19.1%
17Franklin
17.9%
12Aurora
17%
12Greenville
15.3%
9Cambridge
14.1%
8Henderson
13.5%
8Newport
13.3%
8Bridgeport
13.1%
9Canton
11.8%
Number of States City % Correct
9Lafayette
11%
13Clinton
8.1%
10Hamilton
7.8%
8Newton
7.7%
9Burlington
7.7%
9Oxford
7.4%
10Troy
7.2%
8Independence
6%
13Auburn
5.9%
10Lancaster
5.4%
9Fairfield
5.1%
14Marion
4.2%
8Centerville
4%
10Princeton
3.9%
8Winchester
3.5%
9Greenfield
3.2%
11Mount Vernon
3%
10Lebanon
3%
8Farmington
2.9%
8Florence
2.7%
8Covington
2.7%
8Petersburg
2.5%
9Elgin
2.5%
9Hillsboro
2.4%
8Lake City
2.1%
8Jasper
1.2%
9Monticello
1.2%
8Perry
1.1%
8Waverly
1%

You're not logged in!

Compare scores with friends on all Sporcle quizzes.
Join for Free
OR
Log In

You Might Also Like...

Show Comments

Extras

Top Quizzes Today


Score Distribution

Your Account Isn't Verified!

In order to create a playlist on Sporcle, you need to verify the email address you used during registration. Go to your Sporcle Settings to finish the process.

Report this User

Report this user for behavior that violates our Community Guidelines.

Details: